=LDR 00000nam 2200000 4500 =001 INLIS000000000024302 =005 20130612122909 =008 ***********************************Ind** =035 ##$$0010-061300000024302 =041 ##$$a Ind =082 ##$$a 635.9 =090 ##$$a 635.9, Ruk k =100 ##$$a Rukmana, Rahmat =245 ##$$a Krisan, Seri bunga potong, Rahmat Rukmana =260 ##$$a 1997 $b Yogyakarta =300 ##$$a 108 hlm, ilus, 22 cm =650 ##$$a Krisan =850 ##$$a NBPNMAT